| 000 | 00431nam a2200181Ia 4500 | ||
|---|---|---|---|
| 001 | 9120 | ||
| 008 | 140326s9999 xx 000 0 und d | ||
| 020 | _a0-671-70863-5 | ||
| 040 | _cPK-LaUMT | ||
| 082 |
_a 158.1 _bCOV-S |
||
| 100 | _aCovey, Stephen R. | ||
| 245 | 4 |
_aThe seven habits of highly effective people _cCovey, Stephen R. |
|
| 260 | _c1989 | ||
| 300 | _a358 p. | ||
| 546 | _aEN | ||
| 650 | _aCharacter | ||
| 942 | _cBK | ||
| 999 |
_c10314 _d10314 |
||